| 000 | 00766nam a22002417a 4500 | ||
|---|---|---|---|
| 005 | 20170124105916.0 | ||
| 010 | _aA-688802 | ||
| 020 | _c60.00 | ||
| 035 | _aA-688802 | ||
| 037 | _bCen Lib/Ret | ||
| 040 |
_aDPL _bEN |
||
| 082 |
_a483 _bPUR |
||
| 100 |
_aPuri, Gopal K. _9105300 |
||
| 245 |
_aDictionary of synonyms and antonyms for all / _cby Gopal K. Puri [and] Saroj Puri |
||
| 250 | _a2nd ed | ||
| 260 |
_aNew Delhi _bIIMS publications _c1996 |
||
| 270 |
_a6/18, Jangpura Extension, (Double Story) Near Masjid Road _bNew Delhi _e110014 |
||
| 300 |
_a388p. _c20cm (Hb) |
||
| 650 |
_aSynonyms and antonyms _vDictionary _9105301 |
||
| 650 |
_aSynonyms and antonyms _9105302 |
||
| 700 |
_aPuri, Saroj _942053 |
||
| 942 |
_2ddc _cEN _h483 _mPUR |
||
| 999 |
_c122831 _d122831 |
||